000 01313nam a22003134a 4500
001 ebr10235198
003 CaPaEBR
006 m u
007 cr cn|||||||||
008 080325s2008 cau s 000 0 eng
010 _z 2008013414
020 _z9780833044228 (pbk. : alk. paper)
040 _aCaPaEBR
_cCaPaEBR
035 _a(OCoLC)234317167
043 _an-us---
050 1 4 _aKF9650
_b.D47 2008eb
082 0 4 _a347.73/72
_222
100 1 _aDertouzos, James N.,
_d1950-
245 1 4 _aThe legal and economic implications of electronic discovery
_h[electronic resource] :
_boptions for future research /
_cJames N. Dertouzos, Nicholas M. Pace, Robert H Anderson.
260 _aSanta Monica, CA :
_bRand Corp.,
_c2008.
300 _axv, 22 p.
533 _aElectronic reproduction.
_bPalo Alto, Calif. :
_cebrary,
_d2013.
_nAvailable via World Wide Web.
_nAccess may be limited to ebrary affiliated libraries.
650 0 _aElectronic discovery (Law)
_zUnited States.
655 7 _aElectronic books.
_2local
700 1 _aPace, Nicholas M.
_q(Nicholas Michael),
_d1955-
700 1 _aAnderson, Robert H.
_q(Robert Helms),
_d1939-
710 2 _aebrary, Inc.
856 4 0 _uhttp://site.ebrary.com/lib/rucke/Doc?id=10235198
_zAn electronic book accessible through the World Wide Web; click to view
999 _c38742
_d38742